000 00421nam a2200181Ia 4500
001 17436
005 20260306171517.0
008 260306s9999||||xx |||||||||||||| ||und||
041 _aESP
082 _a658
_bB141 V. 34
100 _aRicart, J. E.
_eAUT
245 0 _aDiseño de organizaciones
260 _c1997
300 _a101 páginas :
_c25 cm.
650 _aGEN
654 _aCAN
942 _cLIB
_dJUS
_fJUS
_2ddc
_n
999 _c17436
_d17436